Score 0/22 Timer 10:00
0 Plays Today
% Correct
Vatican City
87.5%
Uzbekistan
83.3%
Kyrgyzstan
75%
Liechtenstein
75%
Tajikistan
75%
Andorra
70.8%
Mongolia
70.8%
Bolivia
70.8%
Monaco
70.8%
Belarus
66.7%
Central African Republic
62.5%
% Correct
Sweden
62.5%
Mali
58.3%
Luxembourg
58.3%
Paraguay
58.3%
Sao Tome and Principe
58.3%
Burundi
54.2%
Republic of the Congo
50%
Chad
41.7%
Marshall Islands
41.7%
Cote D'Ivoire
37.5%
Guatemala
29.2%
Remove Ads.
Support Sporcle.
Get the best of Sporcle when you Go Orange. This ad-free experience offers more features, more stats, and more fun while also helping to support Sporcle. Thank you for becoming a member.

You're not logged in!

Compare scores with friends on all Sporcle quizzes.
OR
Log In

Show Comments

Extras

Top Quizzes Today


Score Distribution

Your Account Isn't Verified!

In order to create a playlist on Sporcle, you need to verify the email address you used during registration. Go to your Sporcle Settings to finish the process.

Report this User

Report this user for behavior that violates our Community Guidelines.

Details: